[Event "FICGS W-ch st2 g05 email"]
[Site "FICGS email"]
[Date "2012.12.03"]
[Round "1"]
[White "Rogers, Michael"]
[Black "Evans, David K"]
[Result "1/2-1/2"]
[WhiteElo "2165"]
[BlackElo "2159"]
[PlyCount "82"]
[EventDate "2012.??.??"]
[EventType "tourn (corr)"]
[EventRounds "8"]
[SourceTitle "Corr 2022"]
[Source "ChessBase"]
[SourceDate "2021.10.24"]
[SourceVersion "1"]
[SourceVersionDate "2021.10.24"]
[SourceQuality "1"]

1. e4 c5 2. Nf3 d6 3. d4 cxd4 4. Nxd4 Nf6 5. Nc3 a6 6. Bg5 Nbd7 7. f4 Qb6 8. Qd2 e5 9. Nf5 Qxb2 10. Rb1 Qa3 11. Rb3 Qc5 12. Be2 b5 13. fxe5 dxe5 14. Nd5 Nxe4 15. Qa5 f6 16. Nc7+ Kf7 17. Be3 Qc6 18. Nxa8 Ndc5 19. Bxc5 Bxc5 20. Qc7+ Qxc7 21. Nxc7 Bf2+ 22. Kf1 Bxf5 23. g4 Bc8 24. Bf3 Bb6 25. Bxe4 Bxc7 26. h3 Ke7 27. Ke2 Bb6 28. Bf5 g6 29. Bxc8 Rxc8 30. c3 Rc6 31. Ra1 f5 32. a4 bxa4 33. Rxa4 a5 34. Rb5 Bc7 35. gxf5 gxf5 36. Rh4 h6 37. Rh5 Rf6 38. Rb7 Kd7 39. c4 Kc6 40. Rb5 a4 41. Rb4 a3 1/2-1/2

[Event "FICGS W-ch st2 g05 email"]
[Site "FICGS email"]
[Date "2012.12.03"]
[Round "1"]
[White "Ylonen, Olli"]
[Black "Rogers, Michael"]
[Result "1/2-1/2"]
[WhiteElo "1780"]
[BlackElo "2165"]
[PlyCount "61"]
[EventDate "2012.??.??"]
[EventType "tourn (corr)"]
[EventRounds "8"]
[SourceTitle "Corr 2022"]
[Source "ChessBase"]
[SourceDate "2021.10.24"]
[SourceVersion "1"]
[SourceVersionDate "2021.10.24"]
[SourceQuality "1"]

1. e4 e5 2. Nf3 Nc6 3. Bb5 f5 4. Nc3 Nd4 5. exf5 Nf6 6. Nxe5 Bc5 7. 0-0 0-0 8. Nf3 c6 9. Bd3 d5 10. Nxd4 Bxd4 11. Ne2 Be5 12. Ng3 Ne4 13. Bxe4 dxe4 14. Nxe4 Bxf5 15. d3 c5 16. Re1 c4 17. Ng3 Bxg3 18. hxg3 cxd3 19. g4 Bg6 20. cxd3 Qxd3 21. Qxd3 Bxd3 22. Be3 Bb5 23. f3 a6 24. Rac1 Rac8 25. Bd2 Rxc1 26. Rxc1 Bc6 27. Rc2 Re8 28. Kf2 Kf7 29. Bb4 Rd8 30. Re2 Re8 31. Rd2 1/2-1/2